| 000 | 00503nam a2200169 i 4500 | ||
|---|---|---|---|
| 001 | 34587 | ||
| 003 | ES-MaACL | ||
| 005 | 20250921063023.0 | ||
| 007 | t| | ||
| 008 | 030207s1978 sp ||||1| spa d | ||
| 100 | 1 |
_aBlázquez, José María, _d1926- _9141915 |
|
| 245 | 1 | 0 |
_aHistoria económica de la Hispania romana / _cJ. M. Blázquez. |
| 260 |
_aMadrid : _bCristiandad, _c[1978] |
||
| 300 |
_a524 p., 140 lám. ; _c21 cm. |
||
| 852 |
_aES-MaACL _jA-9986 _bR.99040 |
||
| 999 |
_c34587 _d34587 |
||